000 00410cam a2200169ua 4500
020 _c1.25
041 _aeng
_h
082 _a954.06
_bCHA/KA
100 _aChagla, M.C .
245 _aKashmir 1947-1965 /
_cM.C.Chagla.
_hTextual Documents
260 _aIndia :
_bMinistry of I&B, Govt. of India ,
_c1965.
300 _a124 ; .
365 _a1.25
504 _a
942 _cBK
999 _c11375
_d11375